[Event "VIE-ch U07"]
[Site "Ho Chi Minh City"]
[Date "2014.07.14"]
[Round "3"]
[White "Nguyen, Thanh Tuong"]
[Black "Do, Dac Loc"]
[Result "1-0"]
[WhiteElo "1361"]
[BlackElo "1388"]
[PlyCount "36"]
[EventDate "2014.07.13"]
[EventType "swiss"]
[EventRounds "9"]
[EventCountry "VIE"]
[SourceTitle "EXT 2016"]
[Source "ChessBase"]
[SourceDate "2015.10.08"]
[SourceVersion "1"]
[SourceVersionDate "2015.10.08"]
[SourceQuality "1"]

1. e4 e5 2. Nf3 Nc6 3. Bc4 Nf6 4. Nc3 Bc5 5. d3 0-0 6. Bg5 d6 7. Nd5 a6 8. a3 b5 9. Ba2 h6 10. Bxf6 Qe8 11. Be7 Bg4 12. Bxf8 Qxf8 13. Nxc7 Ra7 14. Nd5 Bd4 15. 0-0 Bxb2 16. Rb1 Bd4 17. h3 Be6 18. Nxd4 exd4 1-0